[Event "IECC M email"]
[Site "IECC email"]
[Date "1999.05.17"]
[Round "?"]
[White "Ralls, Richard Nelson"]
[Black "Manukyan, Artak"]
[Result "0-1"]
[WhiteElo "2200"]
[BlackElo "2210"]
[PlyCount "62"]
[EventDate "1999.??.??"]
[EventType "tourn (corr)"]
[EventRounds "6"]
[SourceTitle "Corr 2008"]
[Source "ChessBase"]
[SourceDate "2008.06.24"]
[SourceVersion "1"]
[SourceVersionDate "2008.06.24"]
[SourceQuality "1"]

1. e4 c6 2. d4 d5 3. e5 Bf5 4. Nf3 e6 5. Be2 Nd7 6. 0-0 Bg6 7. c3 Nh6 8. Bxh6 gxh6 9. Nbd2 Bg7 10. Qb3 Qb6 11. Qxb6 Nxb6 12. a4 Nd7 13. Nh4 0-0-0 14. f4 f6 15. exf6 Bxf6 16. Nxg6 hxg6 17. Bg4 Rhe8 18. Rae1 Nf8 19. Re2 b6 20. Rfe1 Kd7 21. Nf3 c5 22. Ne5+ Bxe5 23. Rxe5 Kd6 24. c4 dxc4 25. dxc5+ bxc5 26. h4 h5 27. Be2 Rb8 28. Rd1+ Ke7 29. Bxc4 Rxb2 30. Rxc5 Kf6 31. Bb5 Ra8 0-1